Computer Organization and Architecture: Designing for Performance// (Record no. 175647)

MARC details
000 -LEADER
fixed length control field 00758nam a22002057a 4500
005 - DATE AND TIME OF LATEST TRANSACTION
control field 20200911155055.0
010 ## - LCCN (DPL NO)
LC control number ENG-128421
020 ## - INTERNATIONAL STANDARD BOOK NUMBER
Terms of availability 779.00
International Standard Book Number 9789332570405
035 ## - SYSTEM CONTROL NUMBER
System control number EN-111953
037 ## - SOURCE OF ACQUISITION
Source of stock number/acquisition DBAD/PUB
082 ## - DEWEY DECIMAL CLASSIFICATION NUMBER
Classification number 004.22
100 ## - MAIN ENTRY--PERSONAL NAME
Personal name Stallings, William
245 ## - TITLE STATEMENT
Title Computer Organization and Architecture: Designing for Performance//
Statement of responsibility, etc by William Stallings
250 ## - EDITION STATEMENT
Edition statement 10th edition
260 ## - PUBLICATION, DISTRIBUTION, ETC. (IMPRINT)
Place of publication, distribution, etc Noida
Name of publisher, distributor, etc Pearson
Date of publication, distribution, etc 2020
270 ## - ADDRESS
Address 15th floor,Tower-B,Word Trade Tower,Plot no.1,Block-C sec 16,
City Noida
Postal code 201301
Telephone number 04466540100
Electronic mail address companysecretary.india@pearson.com
300 ## - PHYSICAL DESCRIPTION
Extent 857p.
Dimensions 23cm(pbk)
Other physical details Tables, and Illustrations
500 ## - GENERAL NOTE
General note Includes Index, Reference, Credits and References
942 ## - ADDED ENTRY ELEMENTS (KOHA)
Source of classification or shelving scheme Dewey Decimal Classification
Item type English Books
Classification part 004.22
Call number suffix STA
Holdings
Withdrawn status Lost status Not for loan Collection code Home library Current library Date acquired Source of acquisition Cost, normal purchase price Full call number Barcode Cost, replacement price Koha item type
      Non-fiction Sarojini Nagar Sarojini Nagar 11/09/2020 DBGAD/PUB 779.00 004.22 STA EN-111953 779.00 English Books

© Delhi Public Library
Hit Counter
free hit counter